000 00497nam a2200181Ia 4500
005 20240823020708.0
008 240823s9999||||xx |||||||||||||| ||und||
041 _aENGLISH
082 _A629.1355 M3
100 _a"Crane,Dale"
245 0 _a"Basic Electronics and Radio Installation : Aviation,Technicial,Training Course"
250 _a1st
260 _c1983
_bThe English Book
_aNew Delhi
500 _aYES
650 _aAircraft
_bAeronautical Engineering
942 _cBK
999 _c175354
_d175354